Les 100 articles les plus populaires sur Wikipédia - Statistiques

Statistiques générales
  • Ce quiz a été pris 2 386 fois
    931 depuis la dernière actualisation
  • Le résultat moyen est 33 sur 99
Statistiques - réponses
Vues (en millions) Indice Article % Correct
254 Pays États-Unis
99%
243 Chef d'État Donald Trump
98%
85 Pays France
96%
100 Pays Chine
88%
96 Pays Russie
84%
96 Pays Japon
72%
144 Pays Royaume-Uni
72%
113 Pays Canada
70%
198 Reine Elizabeth II
69%
151 Sportif Cristiano Ronaldo
68%
132 Sujet embarrassant pour les parents Sexe
68%
77 Chef d'État Vladimir Poutine
68%
142 Chanteur Michael Jackson
66%
135 Homme d'affaire Elon Musk
65%
125 Sportif Lionel Messi
62%
145 Conflit Seconde Guerre mondiale
62%
161 Chef d'État Barack Obama
60%
127 Rappeur Eminem
59%
165 Pays Inde
59%
78 Pays Israël
59%
94 Pays Allemagne
57%
80 Rappeur Jay-Z
53%
87 Pandémie Pandémie de Covid-19
53%
121 Conflit Première Guerre mondiale
53%
102 Chanteuse Taylor Swift
51%
91 Chanteuse Rihanna
50%
107 Pays Australie
48%
96 Ville New York
47%
91 Scientifique Albert Einstein
45%
116 Groupe de musique The Beatles
45%
94 Attaque terroriste Attentats du 11 septembre 2001
44%
85 Accident nucléaire Catastrophe nucléaire de Tchernobyl
44%
94 Roi Charles III
44%
108 Catcheur/Acteur Dwayne Johnson
43%
90 Franchise littéraire Harry Potter
43%
122 Série Game of Thrones
42%
93 Acteur Leonardo DiCaprio
42%
129 Chef d'État Adolf Hitler
41%
77 Acteur Brad Pitt
41%
86 Princesse Diana Spencer
41%
91 Récompense Oscars du cinéma
41%
80 Planète Terre
40%
111 Influenceuse Kim Kardashian
39%
80 Bateau Titanic
39%
84 Série Breaking Bad
36%
94 Sportif LeBron James
32%
91 Chef d'Etat Joe Biden
31%
88 Reine Victoria
31%
129 Chanteuse Lady Gaga
30%
107 Sportif Michael Jordan
29%
94 Franchise cinématographique Star Wars
29%
89 Rappeur Tupac Shakur
28%
80 Homme d'affaire Bill Gates
27%
77 Catcheur John Cena
27%
96 Rappeur Kanye West
27%
81 Dramaturge William Shakespeare
27%
90 Chanteur Elvis Presley
23%
82 Homme d'affaire Mark Zuckerberg
22%
85 Chanteuse Ariana Grande
21%
87 Chef d'Etat John F. Kennedy
21%
91 Acteur Tom Cruise
20%
114 Chanteur Justin Bieber
19%
82 Conflit Guerre du Vietnam
18%
81 Club de football Manchester United
18%
109 Acteur Johnny Depp
17%
82 Criminel Pablo Escobar
16%
78 Rappeuse Nicki Minaj
15%
95 Chef d'État Abraham Lincoln
14%
88 Criminel Jeffrey Dahmer
14%
108 Homme d'affaire Steve Jobs
14%
88 Actrice Angelina Jolie
13%
90 Série The Walking Dead
13%
92 Sportif Kobe Bryant
12%
83 Sportif Mohamed Ali
12%
78 Chef d'État Winston Churchill
12%
113 Chanteur Freddie Mercury
11%
92 Chanteuse Selena Gomez
10%
86 Actrice Marilyn Monroe
9%
83 Acteur Will Smith
9%
94 Personnage de fiction Dark Vador
7%
90 Prince Philip Mountbatten
7%
89 Actrice Scarlett Johansson
7%
82 Criminel Ted Bundy
7%
80 Sportif Tom Brady
7%
89 Rappeur Lil Wayne
6%
83 Princesse Meghan Markle
6%
77 Criminel Charles Manson
4%
84 Actrice Jennifer Aniston
4%
94 Chanteuse Miley Cyrus
4%
101 Scientifique Stephen Hawking
4%
85 Acteur Arnold Schwarzenegger
3%
78 Acteur Bruce Lee
3%
85 Série How I Met Your Mother
3%
103 Série The Big Bang Theory
3%
85 Acteur Keanu Reeves
2%
77 Princesse Margaret du Royaume-Uni
2%
77 Acteur Ryan Reynolds
2%
80 Pays Singapour
2%
82 Actrice Mila Kunis
1%
Aucun quiz correspondant
Distribution des résultats
% des personnes avec chaque résultat
Percentile par nombre de réponses
Votre historique - résultats
Vous n’avez pas pris ce quiz depuis la dernière actualisation